| 000 | 01021cam a22002054a 4500 | ||
|---|---|---|---|
| 005 | 20250605164212.0 | ||
| 008 | 250528s ||||||||||||||||||||||||d | ||
| 035 | _a20326 | ||
| 020 | _a536916586 | ||
| 040 |
_aGR-AtMCL _bgre _dGR-AtMCL _eAACR2 |
||
| 245 | 1 | _aPsychology and Life / Custom Edition for San Diego University | |
| 260 |
_bPearson, _c2005 |
||
| 300 | _a680 | ||
| 520 | _aPsychology and Life, Research Methods in Psychology, Statistical Supplement, The Biological and Evolutionary Bases of Behavior, Sensation and Perception, Mind and Consciousness and Alternative States, Learning and Behavior Analysis, Memory, Intelligence and Intelligence Assessment, Human Development Across the Life Span, Emotion and Stress and Health, Understanding Human Personality, Therapies for Psychological Disorders, Social Cognition and Relationships, Social Processes and Society and Culture. | ||
| 700 | 1 |
_aGerrig Richard J _96331 |
|
| 700 | 1 |
_aZimbardo Philip G _96332 |
|
| 942 | _cBK | ||
| 999 |
_c5448 _d5448 |
||